Women and Symbolic Interaction /

Uloženo v:
Podrobná bibliografie
Hlavní autor: Deegan, Mary Jo (ed.)
Další autoři: Hill, Michael R. (edición) (edición)
Médium: Kniha
Jazyk:angličtina
Vydáno: Boston, EUA : George Allen and Unwin, 1987, c1987
Témata:
Tagy: Přidat tag
Žádné tagy, Buďte první, kdo vytvoří štítek k tomuto záznamu!

MARC

LEADER 00000nam^a2200000^a^4500
001 000190935
005 20250521000000.0
009 20260310102510.04
020 |a 0-04-497006-4 
037 |a Acervo ITESO - Biblioteca 
041 |a ING 
082 |a 305. 42  |b DEE 
100 |a Deegan, Mary Jo  |e (ed.) 
245 1 0 |a Women and Symbolic Interaction /  |c Ed. y pref. de M.J. Deegan, M.R. Hill. 
264 4 |a Boston, EUA :  |b George Allen and Unwin,  |c 1987, c1987 
300 |a XII, 458 p. 
336 |a texto  |b txt  |2 rdacontenido 
337 |a sin mediación  |b n  |2 rdamedio 
338 |a volumen  |b nc  |2 rdasoporte 
649 |a XX 
650 |a Madres -  |x Condiciones Sociales y Culturales 
650 |a Mujeres -  |x Condiciones Sociales y Culturales -  |x Tema Principal 
650 |a Género -  |x Tema Principal 
650 |a Interacción Simbólica -  |x Tema Principal 
650 |a Socialización 
650 |a Clases Sociales 
650 |a Maternidad 
650 |a Relaciones Padres-Hijos 
650 |a Matrimonio 
650 |a Relaciones de Pareja 
650 |a Relaciones Familiares 
650 |a Familia 
650 |a Feminismo -  |z EUA 
650 |a Sociología de la Cultura 
700 |a Hill, Michael R.  |e (edición) 
910 |a Fondo General 
920 |a Impresos - Libros 
930 |a Colección General 
905 |a 101 
901 |a 0500134212  |b IT1  |c ACC  |u 20250521 
902 |a https://opac.biblio.iteso.mx/vufind/Record/000190935